Angažovanosť zamestnancov a manažment

Pojem angažovaná práca. Angažovanosť ako jeden z najsilnejších faktorov rastu produktivity. Faktory ohľadom angažovanosti.

Enregistré dans:
Détails bibliographiques
Auteur principal: Tuka, Vladimír
Format: Chapitre de livre
Langue:slovaque
Sujets:
Tags: Ajouter un tag
Pas de tags, Soyez le premier à ajouter un tag!

MARC

LEADER 00000naa a2200000 4500
001 0179151
005 20220725110614.3
041 0 |a slo 
044 |a SK 
245 1 0 |a Angažovanosť zamestnancov a manažment  |c Vladimír Tuka 
520 |a Pojem angažovaná práca. Angažovanosť ako jeden z najsilnejších faktorov rastu produktivity. Faktory ohľadom angažovanosti. 
610 2 0 |a úspech pracovný 
610 2 0 |a riadenie ľudských zdrojov 
610 2 0 |a rast produktivity práce 
610 2 0 |a vodcovstvo 
610 2 0 |a manažment 
100 1 |a Tuka, Vladimír